000 01031nab a22002177a 4500
999 _c5858
_d5858
003 OSt
005 20260108223133.0
008 190514b xxu||||| |||| 00| 0 spa d
040 _cPJ
100 _96746
_aVidetta, Carolina A.
245 1 0 _aBalance, consolidación y desafíos en adopción :
_ba 10 años del Código Civil y Comercial de la Nación /
_cCarolina A. Videtta, Martina Salituri Amezcua.
300 _ap. 187-201
505 _aSumario: I. Introducción.— II. Balance y consolidación a 10 años de vigencia del Cód. Civ. y Com.— III. Nuevos y viejos desafíos en materia de adopción.— IV. Brevísimas palabras finales.
505 _tSi te interesa el texto, comunicate a koha@justierradelfuego.gov.ar
650 0 _91497
_aCODIGO CIVIL Y COMERCIAL
650 0 _9967
_aDERECHO DE FAMILIA
650 0 _9974
_aADOPCIÓN
700 _96747
_aSalituri Amezcua, Martina
_ecoautor
773 0 _02844
_93222
_dBuenos Aires : AbeledoPerrot, 1989-
_tDerecho de familia. N° 120 - Julio 2025
_z18511201
942 _2udc
_cANA